[Event "Rheinland Pfalz op 8th"]
[Site "Reil an der Mosel"]
[Date "2016.05.26"]
[Round "2"]
[White "Karbach, Andreas"]
[Black "Riedel, Thomas"]
[Result "1-0"]
[WhiteElo "1787"]
[BlackElo "1992"]
[PlyCount "55"]
[EventDate "2016.05.26"]
[EventType "swiss"]
[EventRounds "7"]
[EventCountry "GER"]
[SourceTitle "EXT 2018"]
[Source "ChessBase"]
[SourceDate "2017.10.13"]
[SourceVersion "1"]
[SourceVersionDate "2017.10.13"]
[SourceQuality "1"]

1. e4 g6 2. d4 Bg7 3. Nf3 d6 4. h3 Nd7 5. Bc4 e5 6. Ng5 Nh6 7. c3 0-0 8. 0-0 Kh8 9. f4 exd4 10. cxd4 Qe7 11. Nc3 Nb6 12. Bb3 f6 13. Nf3 f5 14. e5 Be6 15. d5 Bg8 16. Re1 Rad8 17. e6 c6 18. Ng5 Rfe8 19. Bd2 Bf6 20. Qf3 Rc8 21. Rac1 cxd5 22. Nxd5 Nxd5 23. Bxd5 Bxb2 24. Rb1 Qf6 25. Kh2 Rc2 26. Bb4 Qd4 27. Bxd6 Qd2 28. Red1 1-0

[Event "Rheinland Pfalz op 8th"]
[Site "Reil an der Mosel"]
[Date "2016.05.26"]
[Round "1"]
[White "Riedel, Thomas"]
[Black "Loesch, Torsten"]
[Result "0-1"]
[WhiteElo "1992"]
[BlackElo "1976"]
[PlyCount "72"]
[EventDate "2016.05.26"]
[EventType "swiss"]
[EventRounds "7"]
[EventCountry "GER"]
[SourceTitle "EXT 2018"]
[Source "ChessBase"]
[SourceDate "2017.10.13"]
[SourceVersion "1"]
[SourceVersionDate "2017.10.13"]
[SourceQuality "1"]

1. e4 e5 2. Nf3 Nf6 3. Bc4 Nxe4 4. 0-0 d5 5. Bb3 Bg4 6. d3 Nf6 7. Re1 Be7 8. Rxe5 Nc6 9. Re1 0-0 10. Nc3 Re8 11. Bg5 d4 12. Ne4 Nxe4 13. Rxe4 Bxf3 14. Bxe7 Bxd1 15. Bxd8 Rxe4 16. dxe4 Bxc2 17. Bxc2 Rxd8 18. Rd1 Kf8 19. f3 Ke7 20. Kf2 Nb4 21. Bb3 c5 22. a3 Nc6 23. Bd5 f6 24. Rc1 Kd6 25. Ke2 Ne7 26. Ba2 b5 27. b4 c4 28. a4 a6 29. Bxc4 Rc8 30. Kd3 Ng6 31. Kxd4 Ne5 32. axb5 axb5 33. f4 Rxc4+ 34. Rxc4 Nxc4 35. g4 Nd2 36. Ke3 Nf1+ 0-1

[Event "Hohenloher op 10th"]
[Site "Forchtenberg"]
[Date "2003.06.20"]
[Round "4"]
[White "Riedel, Thomas"]
[Black "Lankes, Erich"]
[Result "0-1"]
[WhiteElo "1680"]
[BlackElo "2005"]
[PlyCount "54"]
[EventDate "2003.06.19"]
[EventType "swiss"]
[EventRounds "7"]
[EventCountry "GER"]
[SourceTitle "EXT 2004"]
[Source "ChessBase"]
[SourceDate "2003.11.25"]
[SourceVersion "1"]
[SourceVersionDate "2003.11.25"]
[SourceQuality "1"]

1. d4 Nf6 2. c4 e6 3. Nc3 Bb4 4. Bg5 h6 5. Bh4 Bxc3+ 6. bxc3 d6 7. Nf3 g5 8. Bg3 Ne4 9. Qc2 f5 10. e3 b6 11. Rg1 Bb7 12. Bd3 Qf6 13. h3 Nd7 14. Bh2 0-0-0 15. a4 a5 16. Rb1 h5 17. Ke2 g4 18. Nd2 Rhf8 19. Rbf1 Nxd2 20. Qxd2 e5 21. d5 Nc5 22. Ra1 Nb3 23. Qb2 Nxa1 24. Rxa1 e4 25. Bc2 gxh3 26. gxh3 Qh4 27. Rh1 Qxh3 0-1

[Event "Hohenloher op 10th"]
[Site "Forchtenberg"]
[Date "2003.06.19"]
[Round "2"]
[White "Riedel, Thomas"]
[Black "Willems, Matthias"]
[Result "0-1"]
[WhiteElo "1680"]
[BlackElo "1888"]
[PlyCount "58"]
[EventDate "2003.06.19"]
[EventType "swiss"]
[EventRounds "7"]
[EventCountry "GER"]
[SourceTitle "EXT 2004"]
[Source "ChessBase"]
[SourceDate "2003.11.25"]
[SourceVersion "1"]
[SourceVersionDate "2003.11.25"]
[SourceQuality "1"]

1. d4 f5 2. c4 Nf6 3. Nc3 d6 4. Bf4 g6 5. Nf3 Bg7 6. Qd2 h6 7. h3 Nc6 8. e3 0-0 9. Bd3 Nh5 10. Bh2 e5 11. dxe5 dxe5 12. e4 Nb4 13. 0-0-0 Qxd3 14. Qxd3 Nxd3+ 15. Rxd3 f4 16. Nd5 Rf7 17. g4 fxg3 18. Bxg3 Nxg3 19. fxg3 c6 20. Nb4 Be6 21. b3 Raf8 22. Nd2 h5 23. Rd6 Re8 24. Nd3 Bf8 25. Rxe6 Rxe6 26. Ne1 Bh6 27. Kc2 Rf2 28. Nef3 Rf6 29. Rd1 R2xf3 0-1